| 000 | 00404nam a2200133Ia 4500 | ||
|---|---|---|---|
| 008 | 230312s9999||||xx |||||||||||||| ||und|| | ||
| 020 | _a978-0978951382 | ||
| 082 |
_a746.46 _bBOO |
||
| 245 | 4 | _aThe book of Painted Quilts: Handpainted Quilts & Other Home Accessories | |
| 260 |
_bDecorative Art Collection Museum _aAtlanta _c2009 |
||
| 300 | _a138 | ||
| 650 |
_aArchitecture _vPainting Quilt |
||
| 942 | _cBK | ||
| 999 |
_c14396 _d14396 |
||